You're a good man, Charlie Brown ... Read More
Available copies
- 1 of 1 copy available at LARL/NWRL Consortium.
Current holds
0 current holds with 1 total copy.
Show All Copies
| Location | Call Number / Copy Notes | Barcode | Shelving Location | Status | Due Date |
|---|---|---|---|---|---|
| Hallock Public Library | DVD j YOU (Text) | 35500004805881 | Main | Available | - |
Record details
- ISBN: 1419890174
- ISBN: 9781419890178
- Physical Description: 1 videodisc (48 min.) : sd., col. ; 4 3/4 in.
- Edition: Remastered, deluxe ed.
- Publisher: Burbank, CA : Warner Home Video, 2010, c1985.
Content descriptions
| General Note: | Languages on container listed as English only. Based on the play, "You're a good man, Charlie Brown" by Clark Gesner and the comic strip "Peanuts" ... Read More Originally aired on television in 1985. Special features: Animating a Charlie Brown musical; Scooby Doo! the mystery begins trailer. |
| Formatted Contents Note: | You're a good man, Charlie Brown -- Animating a ... Read More |
| Creation/Production Credits Note: | Book, music and lyrics by Clark Gesner ; musical ... Read More |
| Participant or Performer Note: | Voices: Kevin Brando, Brad Kesten, Tiffany ... Read More |
| Summary, etc.: | Schulz's characters Snoopy, Lucy, Linus, and more ... Read More |
| Target Audience Note: | Rating: Not rated. |
| System Details Note: | DVD, standard version, region 1, Dolby Digital, ... Read More |
| Language Note: | English, Japanese or Portuguese dialogue; Chinese, ... Read More |
Search for related items by subject
| Subject: | Brown, Charlie (Fictitious character) > Juvenile films. Brown, Charlie (Fictitious character) > Drama. |
| Genre: | Animated films. Musical films. Children's television programs. Children's films. Video recordings for the hearing impaired. |
Search for related items by series
| LDR | 03872cgm a2200805Ia 4500 | ||
|---|---|---|---|
| 001 | 131361 | ||
| 003 | LARL_NWRL_CONSORTIUM | ||
| 005 | 20131031105349.0 | ||
| 007 | vd cvaizq | ||
| 008 | 091201p20101985cau048 j vaeng d | ||
| 019 | . | ‡a670870935 | |
| 020 | . | ‡a1419890174 | |
| 020 | . | ‡a9781419890178 | |
| 024 | 1 | . | ‡a883929100248 |
| 028 | 4 | 2. | ‡a1000116507 ‡bWarner Home Video |
| 028 | 4 | 2. | ‡a3000027501 ‡bWarner Home Video |
| 035 | . | ‡a(OCoLC)471933335 ‡z(OCoLC)670870935 | |
| 037 | . | ‡bMidwest Tape ‡nhttp://www.midwesttapes.com | |
| 040 | . | ‡aTEFMT ‡beng ‡cTEFMT ‡dTEF ‡dOCL ‡dGK5 ‡dEHH ‡dIA4 ‡dVP@ ‡dOCLCQ ‡dOCLCA ‡dRV8 ‡dOCLCQ | |
| 041 | 1 | . | ‡aeng ‡ajpn ‡apor ‡jchi ‡jjpn ‡jpor ‡jtha ‡heng |
| 050 | 4. | ‡aPN1997.5 ‡b.Y68 2010 | |
| 082 | 0 | 4. | ‡a791.43/34 ‡222 |
| 245 | 1 | 0. | ‡aYou're a good man, Charlie Brown ‡h[DVD/videorecording] / ‡ca Lee Mendelson-Bill Melendez Production in association with Charles M. Schulz Creative Associates and United Feature Media Productions ; produced by Lee Mendelson, Bill Melendez ; directed by Sam Jaimes. |
| 246 | 3 | . | ‡aYou are a good man, Charlie Brown |
| 246 | 3 | . | ‡aCharlie Brown |
| 250 | . | ‡aRemastered, deluxe ed. | |
| 260 | . | ‡aBurbank, CA : ‡bWarner Home Video, ‡c2010, c1985. | |
| 300 | . | ‡a1 videodisc (48 min.) : ‡bsd., col. ; ‡c4 3/4 in. | |
| 490 | 0 | . | ‡aYou're a good man, Charlie Brown |
| 538 | . | ‡aDVD, standard version, region 1, Dolby Digital, Mono. | |
| 546 | . | ‡aEnglish, Japanese or Portuguese dialogue; Chinese, Japanese, Portuguese or Thai subtitles; English subtitles for the deaf and hard of hearing. | |
| 500 | . | ‡aLanguages on container listed as English only. | |
| 511 | 0 | . | ‡aVoices: Kevin Brando, Brad Kesten, Tiffany Reinbolt, Robert Towers, Michael Dockery, Jeremy Reinbolt, Jessie Lee Smith, David Wagner. |
| 508 | . | ‡aBook, music and lyrics by Clark Gesner ; musical director, Desiree Goyette ; editing, Chuck McCann, Julie Maryou. | |
| 500 | . | ‡aBased on the play, "You're a good man, Charlie Brown" by Clark Gesner and the comic strip "Peanuts" by Charles M. Schulz. | |
| 500 | . | ‡aOriginally aired on television in 1985. | |
| 521 | . | ‡aRating: Not rated. | |
| 520 | . | ‡aSchulz's characters Snoopy, Lucy, Linus, and more pals celebrate that round-headed kid in an animated mini-musical based on the Tony Award-winning stage hit. | |
| 500 | . | ‡aSpecial features: Animating a Charlie Brown musical; Scooby Doo! the mystery begins trailer. | |
| 505 | 0 | . | ‡aYou're a good man, Charlie Brown -- Animating a Charlie Brown musical. |
| 650 | 0. | ‡aBrown, Charlie (Fictitious character) ‡vJuvenile films. | |
| 650 | 1. | ‡aBrown, Charlie (Fictitious character) ‡vDrama. | |
| 655 | 7. | ‡aAnimated films. ‡2gsafd ‡0(LARL_NWRL_CONSORTIUM)175704 | |
| 655 | 7. | ‡aMusical films. ‡2gsafd ‡0(LARL_NWRL_CONSORTIUM)175635 | |
| 655 | 7. | ‡aChildren's television programs. ‡2lcgft ‡0(LARL_NWRL_CONSORTIUM)175766 | |
| 655 | 7. | ‡aChildren's films. ‡2lcgft ‡0(LARL_NWRL_CONSORTIUM)175624 | |
| 655 | 7. | ‡aVideo recordings for the hearing impaired. ‡2lcgft ‡0(LARL_NWRL_CONSORTIUM)175744 | |
| 700 | 1 | . | ‡aJaimes, Sam. ‡0(LARL_NWRL_CONSORTIUM)211362 |
| 700 | 1 | . | ‡aMendelson, Lee. ‡0(LARL_NWRL_CONSORTIUM)57512 |
| 700 | 1 | . | ‡aMelendez, Bill. ‡0(LARL_NWRL_CONSORTIUM)146153 |
| 700 | 1 | . | ‡aBrando, Kevin. |
| 700 | 1 | . | ‡aKesten, Brad. |
| 700 | 1 | . | ‡aReinbolt, Tiffany. |
| 700 | 1 | . | ‡aTowers, Robert. |
| 700 | 1 | . | ‡aDockery, Michael. |
| 700 | 1 | . | ‡aReinbolt, Jeremy. |
| 700 | 1 | . | ‡aSmith, Jessie Lee. |
| 700 | 1 | . | ‡aWagner, David. ‡0(LARL_NWRL_CONSORTIUM)100820 |
| 700 | 1 | . | ‡aGesner, Clark. |
| 700 | 1 | . | ‡aSchulz, Charles M. ‡q(Charles Monroe), ‡d1922-2000. ‡0(LARL_NWRL_CONSORTIUM)55655 |
| 710 | 2 | . | ‡aWarner Home Video (Firm) ‡0(LARL_NWRL_CONSORTIUM)139520 |
| 710 | 2 | . | ‡aUnited Feature Syndicate. ‡0(LARL_NWRL_CONSORTIUM)146154 |
| 710 | 2 | . | ‡aUnited Feature Media Productions. |
| 710 | 2 | . | ‡aCharles M. Schulz Creative Associates. ‡0(LARL_NWRL_CONSORTIUM)53318 |
| 948 | . | ‡hNO HOLDINGS IN LAL - 598 OTHER HOLDINGS | |
| 994 | . | ‡aZ0 ‡bLAL | |
| 901 | . | ‡a131361 ‡bOCLC ‡c131361 ‡tbiblio | |

Add to basket
Permalink
Disable Highlighting